[Event "FRA-chT2 0910"]
[Site "France"]
[Date "2010.01.24"]
[Round "7.4"]
[White "Bleuzen, Erwan"]
[Black "Bodenez, Claire"]
[Result "1-0"]
[WhiteElo "2042"]
[BlackElo "2043"]
[PlyCount "87"]
[EventDate "2009.09.27"]
[EventType "team"]
[EventRounds "11"]
[EventCountry "FRA"]
[SourceDate "2009.07.26"]

1. d4 f5 2. e4 fxe4 3. Nc3 Nf6 4. Bg5 Nc6 5. f3 d5 6. Bb5 a6 7. Bxc6+ bxc6 8.
fxe4 dxe4 9. Nge2 Bf5 10. O-O e6 11. Ng3 Qd7 12. Bxf6 gxf6 13. Nxf5 exf5 14.
Qh5+ Ke7 15. Qxf5 Qxf5 16. Rxf5 Rb8 17. b3 Bh6 18. Re1 e3 19. Nd1 Rb5 20. Nxe3
Kf7 21. Rxb5 Bxe3+ 22. Rxe3 cxb5 23. Rc3 Rc8 24. Rc6 a5 25. Rc5 Rd8 26. Rxb5
Rxd4 27. Rc5 Rd7 28. a4 Kg6 29. Kf2 f5 30. Kf3 Rd2 31. Rxc7 Rd5 32. c3 Kf6 33.
b4 axb4 34. cxb4 Rd3+ 35. Ke2 Ra3 36. a5 Ra2+ 37. Kf3 h6 38. Rc5 h5 39. g3 Ke6
40. Kf4 Rb2 41. Rb5 h4 42. a6 hxg3 43. hxg3 Rf2+ 44. Ke3 1-0

[Event "FRA-chT2 0910"]
[Site "France"]
[Date "2010.01.24"]
[Round "7.5"]
[White "Cadiou, Jacques"]
[Black "Bleuzen, Cedric"]
[Result "0-1"]
[WhiteElo "2023"]
[BlackElo "2046"]
[PlyCount "60"]
[EventDate "2009.09.27"]
[EventType "team"]
[EventRounds "11"]
[EventCountry "FRA"]
[SourceDate "2009.07.26"]

1. Nf3 d5 2. d4 Nf6 3. c4 c6 4. Qc2 e6 5. g3 Ne4 6. Bg2 Bb4+ 7. Nbd2 f5 8. O-O
O-O 9. Ne5 Nd7 10. Ndf3 Be7 11. Nd3 Nd6 12. b3 Nf7 13. h4 Nf6 14. Bf4 Ne4 15.
Nfe5 Qe8 16. Nxf7 Qxf7 17. Bxe4 fxe4 18. Ne5 Qh5 19. Qd2 Bf6 20. f3 Bxe5 21.
Bxe5 exf3 22. exf3 Bd7 23. Rae1 Rf7 24. Kg2 Rc8 25. c5 b6 26. cxb6 axb6 27. Qb4
c5 28. Qxb6 cxd4 29. Qxd4 Rc2+ 30. Rf2 Qxf3+ 0-1

[Event "FRA-chT2 0910"]
[Site "France"]
[Date "2010.01.24"]
[Round "7.6"]
[White "Le Montagner, Yoann"]
[Black "Delalee, Paul"]
[Result "0-1"]
[WhiteElo "2028"]
[BlackElo "1966"]
[PlyCount "98"]
[EventDate "2009.09.27"]
[EventType "team"]
[EventRounds "11"]
[EventCountry "FRA"]
[SourceDate "2009.07.26"]

1. e4 c5 2. Nf3 d6 3. d4 cxd4 4. Nxd4 Nf6 5. Nc3 a6 6. Be2 e6 7. O-O Be7 8. Kh1
O-O 9. f4 Qc7 10. Qe1 b5 11. a3 Bb7 12. Bf3 Nc6 13. Be3 Rfe8 14. Qg3 Bf8 15. e5
dxe5 16. fxe5 Nd7 17. Nxc6 Bxc6 18. Bxc6 Qxc6 19. Rf4 Nxe5 20. Raf1 f5 21. Rd4
Ng6 22. Rd2 Rad8 23. Qe1 Bd6 24. Bg5 Be7 25. Bxe7 Rxd2 26. Qxd2 Rxe7 27. Rd1
Kf7 28. h3 Qc4 29. Qd4 Qxd4 30. Rxd4 e5 31. Rd6 Re6 32. Rd7+ Kg8 33. Rd8+ Nf8
34. Nd5 e4 35. Kg1 Kf7 36. Kf2 g5 37. g3 Rc6 38. c3 h6 39. Ke3 Re6 40. Ra8 Rd6
41. Nb4 Ne6 42. Rxa6 f4+ 43. gxf4 gxf4+ 44. Ke2 f3+ 45. Ke1 Rxa6 46. Nxa6 e3
47. Nb4 Nf4 48. h4 Ng2+ 49. Kf1 e2+ 0-1

[Event "FRA-chT2 0910"]
[Site "France"]
[Date "2010.01.24"]
[Round "7.7"]
[White "Brient, Yoann"]
[Black "Simon, Leopold"]
[Result "1/2-1/2"]
[WhiteElo "1939"]
[BlackElo "2105"]
[PlyCount "78"]
[EventDate "2009.09.27"]
[EventType "team"]
[EventRounds "11"]
[EventCountry "FRA"]
[SourceDate "2009.07.26"]

1. e4 e6 2. d4 d5 3. Nd2 dxe4 4. Nxe4 Nd7 5. Bd3 Ngf6 6. Nxf6+ Nxf6 7. Nf3 Be7
8. O-O O-O 9. Ne5 c5 10. dxc5 Qc7 11. Bf4 Qxc5 12. Qf3 Rd8 13. Rfe1 Bd7 14.
Qxb7 Qd4 15. Nxd7 Qxf4 16. Nxf6+ Bxf6 17. g3 Qd4 18. b3 Qxa1 19. Rxa1 Bxa1 20.
Kg2 Bd4 21. h4 h5 22. a4 a5 23. Qb5 g6 24. Qg5 Kg7 25. Qb5 Ra7 26. Be2 Rd5 27.
Qc4 Rdd7 28. Qb5 Bc3 29. Qg5 Rd5 30. Qe3 Bd4 31. Qe4 Rad7 32. Bd3 Rf5 33. f3
Rc5 34. Qa8 Bc3 35. Qe4 Rcc7 36. Qf4 Be5 37. Qe3 Bc3 38. Qf4 Be5 39. Qe4 Bc3
1/2-1/2

[Event "FRA-chT2 0910"]
[Site "France"]
[Date "2010.01.24"]
[Round "7.8"]
[White "Le Bail, Arielle"]
[Black "Le Du, Michel"]
[Result "0-1"]
[WhiteElo "1853"]
[BlackElo "1928"]
[PlyCount "86"]
[EventDate "2009.09.27"]
[EventType "team"]
[EventRounds "11"]
[EventCountry "FRA"]
[SourceDate "2009.07.26"]

1. d4 Nf6 2. c4 g6 3. Nc3 d5 4. Bg5 Ne4 5. Bh4 Nxc3 6. bxc3 dxc4 7. Qa4+ Bd7 8.
Qxc4 Bg7 9. e4 O-O 10. Nf3 Nc6 11. Be2 b6 12. O-O Na5 13. Qb4 Re8 14. Rad1 Bf8
15. Ne5 Nc6 16. Nxc6 Bxc6 17. d5 a5 18. Qd4 Bb7 19. Bb5 Ba6 20. c4 Bxb5 21.
cxb5 Qd7 22. Qc4 e6 23. Bg3 exd5 24. Rxd5 Qe6 25. Qxc7 Rac8 26. Qe5 Rc2 27.
Qxe6 Rxe6 28. Rd8 Kg7 29. f3 Bc5+ 30. Bf2 Rxa2 31. Bxc5 bxc5 32. Rc1 Re5 33.
Ra8 c4 34. b6 Rb5 35. Ra6 c3 36. h3 c2 37. b7 Rxb7 38. Rc6 a4 39. Kf2 a3 40.
Ke2 Rab2 41. Ra6 a2 42. Kd2 Rd7+ 43. Kc3 Rb1 0-1

[Event "FRA-chT2 0910"]
[Site "France"]
[Date "2010.01.24"]
[Round "7.1"]
[White "Dieu, Bruno"]
[Black "Ribeiro, Romain"]
[Result "1-0"]
[WhiteElo "2276"]
[BlackElo "2182"]
[PlyCount "75"]
[EventDate "2009.09.27"]
[EventType "team"]
[EventRounds "11"]
[EventCountry "FRA"]
[SourceDate "2009.07.26"]

1. d4 e6 2. Nf3 c5 3. e3 Nf6 4. Bd3 b6 5. O-O Bb7 6. b3 Be7 7. Bb2 O-O 8. Nbd2
Nc6 9. a3 cxd4 10. exd4 Nd5 11. Re1 Rc8 12. g3 Qc7 13. Qe2 Nf6 14. c4 d5 15.
Rac1 Rfd8 16. cxd5 Nxd5 17. Ne5 Bf6 18. Ne4 Qe7 19. b4 Bg5 20. Rcd1 Nb8 21.
Nxf7 Kxf7 22. Qh5+ Kg8 23. Nxg5 Nf6 24. Bxh7+ Kf8 25. Qh4 Bd5 26. Bf5 exf5 27.
Qh8+ Ng8 28. Rxe7 Kxe7 29. Qxg7+ Kd6 30. Qe5+ Kc6 31. Rc1+ Kb7 32. Rxc8 Kxc8
33. Qxf5+ Kb7 34. Ne6 Rd6 35. Nf4 Ne7 36. Qe5 Rd7 37. Nxd5 Nxd5 38. b5 1-0

[Event "FRA-chT2 0910"]
[Site "France"]
[Date "2010.01.24"]
[Round "7.2"]
[White "Maleki, Nicolas"]
[Black "Gaborit, Jean Pierre"]
[Result "1-0"]
[WhiteElo "2202"]
[BlackElo "2223"]
[PlyCount "57"]
[EventDate "2009.09.27"]
[EventType "team"]
[EventRounds "11"]
[EventCountry "FRA"]
[SourceDate "2009.07.26"]

1. d4 Nf6 2. c4 g6 3. Nc3 d5 4. cxd5 Nxd5 5. e4 Nxc3 6. bxc3 Bg7 7. Be3 c5 8.
Qd2 O-O 9. Nf3 Qa5 10. Rc1 cxd4 11. cxd4 Qxd2+ 12. Kxd2 Rd8 13. Bd3 Nc6 14. Rc4
Bg4 15. d5 Bxf3 16. dxc6 b5 17. Rb4 a5 18. c7 Rxd3+ 19. Kxd3 axb4 20. gxf3 Be5
21. Rc1 Rc8 22. f4 Bxc7 23. Ke2 f6 24. Bb6 Bxb6 25. Rxc8+ Kf7 26. Kf3 Bd4 27.
Rb8 Bc3 28. Rxb5 Ke6 29. f5+ 1-0

[Event "FRA-chT2 0910"]
[Site "France"]
[Date "2010.01.24"]
[Round "7.3"]
[White "Le Corre, Benjamin"]
[Black "Wunderman, Xavier"]
[Result "1-0"]
[WhiteElo "2259"]
[BlackElo "2157"]
[PlyCount "85"]
[EventDate "2009.09.27"]
[EventType "team"]
[EventRounds "11"]
[EventCountry "FRA"]
[SourceDate "2009.07.26"]

1. e4 c5 2. Nf3 e6 3. d4 cxd4 4. Nxd4 Nf6 5. Nc3 Nc6 6. Ndb5 d6 7. Bf4 e5 8.
Bg5 a6 9. Na3 b5 10. Nd5 Be7 11. Bxf6 Bxf6 12. c3 O-O 13. Nc2 Bg5 14. a4 Rb8
15. axb5 axb5 16. Bd3 Be6 17. Ncb4 Nxb4 18. Nxb4 Qd7 19. O-O g6 20. Bc2 Bc4 21.
Re1 Ra8 22. Rxa8 Rxa8 23. Bb3 Qe6 24. Bxc4 bxc4 25. Qe2 Bd8 26. Nd5 Ra4 27. b3
cxb3 28. Qb5 Ra8 29. Qxb3 Kg7 30. Rd1 Qg4 31. f3 Qc8 32. Qb4 Qc6 33. Rb1 h5 34.
Qb5 Qc8 35. h3 Ra5 36. Qb4 Qa6 37. Kh2 h4 38. Qb8 Bg5 39. Nc7 Qe2 40. Ne6+ Kf6
41. Nxg5 Ra2 42. Qd8+ Kg7 43. Ne6+ 1-0

[Event "FRA-chT2 0910"]
[Site "France"]
[Date "2010.01.24"]
[Round "7.4"]
[White "Soupizon, Remi"]
[Black "Ippoliti, Giuliano"]
[Result "0-1"]
[WhiteElo "2043"]
[BlackElo "2103"]
[PlyCount "52"]
[EventDate "2009.09.27"]
[EventType "team"]
[EventRounds "11"]
[EventCountry "FRA"]
[SourceDate "2009.07.26"]

1. e4 c5 2. Nc3 Nc6 3. f4 g6 4. Nf3 Bg7 5. Bc4 e6 6. f5 Nge7 7. fxe6 dxe6 8. d3
O-O 9. O-O Na5 10. Qe1 Nxc4 11. dxc4 b6 12. Bf4 Ba6 13. Rd1 Qc8 14. Qh4 f6 15.
Bd6 Qb7 16. b3 Rfe8 17. e5 Nf5 18. Qe1 Nxd6 19. Rxd6 Qc7 20. exf6 Qxd6 21. fxg7
Bb7 22. Ne5 Qd4+ 23. Kh1 Re7 24. Nb5 Qe4 25. Qf2 Rxg7 26. Nf7 Qxg2+ 0-1

[Event "FRA-chT2 0910"]
[Site "France"]
[Date "2010.01.24"]
[Round "7.5"]
[White "Carvallo, Henri"]
[Black "Debeaune, Robin"]
[Result "1/2-1/2"]
[WhiteElo "2113"]
[BlackElo "2128"]
[PlyCount "82"]
[EventDate "2009.09.27"]
[EventType "team"]
[EventRounds "11"]
[EventCountry "FRA"]
[SourceDate "2009.07.26"]

1. d4 Nf6 2. Bf4 d6 3. e3 Nbd7 4. Nf3 g6 5. h3 Bg7 6. Be2 O-O 7. O-O a6 8. a4
b6 9. Nbd2 Bb7 10. Bh2 c5 11. c3 Ra7 12. Re1 Qa8 13. Bf1 Ne4 14. Nxe4 Bxe4 15.
Nd2 Bb7 16. Qb3 Rb8 17. Qc2 Rc8 18. Qd3 d5 19. Nf3 Re8 20. Qc2 Qc8 21. Qb3 Ba8
22. c4 e6 23. Red1 Kh8 24. Rac1 a5 25. Be2 Bc6 26. Ne5 Nxe5 27. dxe5 Qd8 28.
Qc2 Rd7 29. Rd2 Qb8 30. f4 Red8 31. Bf3 Qb7 32. Rcd1 d4 33. Bxc6 Qxc6 34. exd4
cxd4 35. b3 Qc5 36. Rd3 g5 37. Qd2 gxf4 38. Bxf4 Qc6 39. Bg5 Rg8 40. Rf1 Qc5
41. Bf4 Re8 1/2-1/2

[Event "FRA-chT2 0910"]
[Site "France"]
[Date "2010.01.24"]
[Round "7.6"]
[White "Konopka, Jeremiasz"]
[Black "Varlet, Nicolas"]
[Result "0-1"]
[WhiteElo "1993"]
[BlackElo "2121"]
[PlyCount "60"]
[EventDate "2009.09.27"]
[EventType "team"]
[EventRounds "11"]
[EventCountry "FRA"]
[SourceDate "2009.07.26"]

1. e4 e6 2. d4 d5 3. Nc3 Bb4 4. e5 c5 5. a3 Bxc3+ 6. bxc3 Ne7 7. Qg4 O-O 8. Nf3
Qa5 9. Bd3 f5 10. exf6 Rxf6 11. Bxh7+ Kxh7 12. Qh5+ Kg8 13. Qe8+ Rf8 14. Qxe7
Qxc3+ 15. Ke2 Nc6 16. Qh4 Rxf3 17. gxf3 Nxd4+ 18. Kf1 Qxa1 19. Qd8+ Kf7 20.
Qc7+ Ke8 21. Kg2 Nf5 22. Bg5 Qxa3 23. Qd8+ Kf7 24. Qc7+ Kg6 25. h4 c4 26. h5+
Kxg5 27. Rg1 Qe7 28. Qe5 Kh6 29. Kf1 Bd7 30. Rg6+ Kh7 0-1

[Event "FRA-chT2 0910"]
[Site "France"]
[Date "2010.01.24"]
[Round "7.7"]
[White "Wenzel, Johannes"]
[Black "Degremont, Patrick"]
[Result "1/2-1/2"]
[WhiteElo "2125"]
[BlackElo "1950"]
[PlyCount "96"]
[EventDate "2009.09.27"]
[EventType "team"]
[EventRounds "11"]
[EventCountry "FRA"]
[SourceDate "2009.07.26"]

1. Nf3 d5 2. d4 Nf6 3. c4 e6 4. g3 c6 5. Bg2 Bd6 6. O-O Nbd7 7. Qc2 O-O 8. b3
e5 9. cxd5 Nxd5 10. e4 Nc7 11. Bb2 exd4 12. Nxd4 Nb6 13. Nd2 Qe7 14. Rfe1 f6
15. f4 Bc5 16. Kh1 Bxd4 17. Bxd4 Ne6 18. Bg1 Rf7 19. Nf3 Qc7 20. a4 Bd7 21. a5
Nc8 22. e5 f5 23. Qc4 g6 24. b4 Kg7 25. Red1 Nf8 26. Ng5 Re7 27. Bc5 Be6 28.
Nxe6+ Nxe6 29. Bxe7 Qxe7 30. Rd2 Nf8 31. Rad1 a6 32. Rd8 Nb6 33. Qc5 Qxc5 34.
bxc5 Rxd8 35. Rxd8 Na4 36. Bxc6 bxc6 37. Rd6 Nxc5 38. Rxc6 Nfe6 39. Kg2 Kf7 40.
Rb6 h6 41. Kf2 g5 42. Ke3 Kg6 43. Rb8 Kh5 44. Rh8 Kg4 45. Rxh6 gxf4+ 46. gxf4
Nxf4 47. Rh4+ Kxh4 48. Kxf4 Kh3 1/2-1/2

[Event "FRA-chT2 0910"]
[Site "France"]
[Date "2010.01.24"]
[Round "7.8"]
[White "Pays, Natacha"]
[Black "Josse, Anais"]
[Result "0-1"]
[WhiteElo "1490"]
[BlackElo "1610"]
[PlyCount "68"]
[EventDate "2009.09.27"]
[EventType "team"]
[EventRounds "11"]
[EventCountry "FRA"]
[SourceDate "2009.07.26"]

1. e4 d6 2. d4 g6 3. Nf3 Bg7 4. Bc4 Nf6 5. Nc3 Nbd7 6. O-O O-O 7. Re1 e5 8.
dxe5 dxe5 9. Bg5 c6 10. Qd6 Re8 11. Rad1 Qe7 12. Qxe7 Rxe7 13. Rd6 h6 14. Be3
Re8 15. Red1 Bf8 16. R6d3 b5 17. Bb3 a5 18. a3 b4 19. axb4 axb4 20. Ne2 Nc5 21.
Bxc5 Bxc5 22. Ng3 Ba6 23. R3d2 Bb5 24. h3 Kg7 25. Ne1 h5 26. Kh2 h4 27. Nf1
Nxe4 28. Rd7 Bxf1 29. Rxf7+ Kh8 30. Rdd7 Ng5 31. Rg7 Rad8 32. Rxd8 Rxd8 33.
Rxg6 Nh7 34. Rxc6 Bxf2 0-1

[Event "FRA-chT2 0910"]
[Site "France"]
[Date "2010.03.13"]
[Round "8.1"]
[White "Bouget, Alexandre"]
[Black "Navrotescu, Catalin"]
[Result "0-1"]
[WhiteElo "2173"]
[BlackElo "2438"]
[PlyCount "58"]
[EventDate "2009.09.27"]
[EventType "team"]
[EventRounds "11"]
[EventCountry "FRA"]
[SourceDate "2009.07.26"]

1. d4 Nf6 2. c4 c5 3. d5 d6 4. Nc3 g6 5. e4 Bg7 6. Bd3 O-O 7. Nge2 e6 8. O-O
exd5 9. cxd5 a6 10. a4 Re8 11. Ng3 Nbd7 12. f4 c4 13. Bc2 Rb8 14. a5 b5 15.
axb6 Rxb6 16. Ra4 a5 17. Rxa5 Rxb2 18. Bxb2 Qxa5 19. Na4 h5 20. Qa1 h4 21. Bc3
Qd8 22. Nh1 Bh6 23. Rf3 Nxe4 24. Bxe4 Rxe4 25. Nf2 Rxf4 26. Bd2 Bg7 27. Bc3
Bxc3 28. Rxc3 Ne5 29. Qc1 Qf6 0-1

[Event "FRA-chT2 0910"]
[Site "France"]
[Date "2010.03.13"]
[Round "8.2"]
[White "Jolly, Jean Francois"]
[Black "Bodenez, Vincent"]
[Result "0-1"]
[WhiteElo "2417"]
[BlackElo "2186"]
[PlyCount "76"]
[EventDate "2009.09.27"]
[EventType "team"]
[EventRounds "11"]
[EventCountry "FRA"]
[SourceDate "2009.07.26"]

1. d4 e6 2. c4 Nf6 3. Nc3 Bb4 4. f3 c5 5. a3 Bxc3+ 6. bxc3 Nc6 7. e3 O-O 8. Bd3
b6 9. Ne2 Ba6 10. e4 Ne8 11. O-O Na5 12. f4 f5 13. exf5 exf5 14. dxc5 bxc5 15.
Ng3 g6 16. Be3 Rc8 17. Be2 Nf6 18. Qa4 Re8 19. Bf2 h5 20. Rfe1 Qc7 21. Rac1 Re7
22. Nf1 Rce8 23. Bd3 Kg7 24. Ne3 d5 25. Bf1 Re4 26. Bd3 R4e7 27. Bf1 dxc4 28.
Nxc4 Rxe1 29. Rxe1 Rxe1 30. Bxe1 Bxc4 31. Bxc4 Nxc4 32. Qxc4 Ne4 33. g3 Qd7 34.
Qe2 Kh6 35. h3 Qd6 36. Qe3 Qd1 37. Kf1 a5 38. Qe2 Nxg3+ 0-1

[Event "FRA-chT2 0910"]
[Site "France"]
[Date "2010.03.13"]
[Round "8.3"]
[White "Peyre, Thomas"]
[Black "Amoyal, Pierre"]
[Result "1-0"]
[WhiteElo "2074"]
[BlackElo "2193"]
[PlyCount "153"]
[EventDate "2009.09.27"]
[EventType "team"]
[EventRounds "11"]
[EventCountry "FRA"]
[SourceDate "2009.07.26"]

1. e4 e5 2. Nf3 Nc6 3. Bb5 a6 4. Ba4 Nf6 5. O-O Be7 6. Bxc6 dxc6 7. Qe1 Nd7 8.
b3 O-O 9. Bb2 Bf6 10. d3 Re8 11. Nbd2 Nf8 12. Nc4 Ng6 13. h3 b5 14. Ne3 Nf4 15.
Kh2 Qd7 16. Ng4 Qd6 17. Ng1 Bxg4 18. hxg4 Qe6 19. Qd1 Bg5 20. Nh3 Qh6 21. Qf3
Re6 22. Kg1 Ng6 23. Qf5 Be7 24. Bc1 Qh4 25. Kh2 Nf4 26. Bxf4 exf4 27. Qh5 Qf6
28. Qf5 Qc3 29. Ng5 Rh6+ 30. Kg1 Rf8 31. Nf3 Rf6 32. Qe5 Qxe5 33. Nxe5 Re6 34.
Nf3 Bf6 35. Rae1 Bc3 36. Re2 Rfe8 37. Nd2 Rg6 38. Nb1 Be5 39. Rd2 c5 40. c3
Rxg4 41. d4 cxd4 42. cxd4 Bd6 43. f3 Rg3 44. e5 Bb4 45. Rd3 c5 46. Rc1 cxd4 47.
Rxd4 Ba5 48. Rxf4 Bb6+ 49. Kh2 Rg6 50. Rc2 Rh6+ 51. Kg3 Bg1 52. Re4 g5 53. Kg4
Rg6 54. Rc7 Bh2 55. g3 h5+ 56. Kh3 Bg1 57. Nc3 g4+ 58. Kg2 Bb6 59. Rb7 gxf3+
60. Kxf3 Rge6 61. Nd5 Bd8 62. Rb8 f5 63. Re2 Bg5 64. Rxe8+ Rxe8 65. Nc7 Rc8 66.
Nxa6 Kf7 67. Nb4 Ke6 68. Nc2 Rc3+ 69. Kf2 Rd3 70. Ne1 Rc3 71. Nf3 Bd8 72. Nd4+
Kd5 73. Nxf5 Bb6+ 74. Kg2 Rc1 75. e6 Rg1+ 76. Kh2 h4 77. Nxh4 1-0

[Event "FRA-chT2 0910"]
[Site "France"]
[Date "2010.03.13"]
[Round "8.4"]
[White "Renault, Fabien"]
[Black "Le Masle, Raphael"]
[Result "0-1"]
[WhiteElo "2208"]
[BlackElo "2095"]
[PlyCount "64"]
[EventDate "2009.09.27"]
[EventType "team"]
[EventRounds "11"]
[EventCountry "FRA"]
[SourceDate "2009.07.26"]

1. e4 d6 2. d4 Nf6 3. Nc3 Nbd7 4. Bg5 e5 5. Nf3 Be7 6. h3 a6 7. a4 b6 8. Qd2
Bb7 9. d5 O-O 10. Bd3 Nc5 11. O-O h6 12. Be3 c6 13. Bxc5 dxc5 14. dxc6 Bxc6 15.
Nxe5 Bb7 16. Qe2 Re8 17. Ng4 Nxg4 18. Qxg4 Bf6 19. Rfe1 Bxc3 20. bxc3 Qf6 21.
c4 Qd4 22. a5 bxa5 23. Rxa5 Re5 24. Raa1 Rae8 25. Red1 Rg5 26. Qf3 f5 27. h4
Rg6 28. Qxf5 Rf6 29. Qg4 Qxf2+ 30. Kh1 Rf4 31. Rf1 Qxf1+ 32. Rxf1 Rxg4 0-1

[Event "FRA-chT2 0910"]
[Site "France"]
[Date "2010.03.13"]
[Round "8.5"]
[White "Cartier, Nicolas"]
[Black "Beneteau, Hubert"]
[Result "0-1"]
[WhiteElo "2102"]
[BlackElo "2100"]
[PlyCount "62"]
[EventDate "2009.09.27"]
[EventType "team"]
[EventRounds "11"]
[EventCountry "FRA"]
[SourceDate "2009.07.26"]

1. e4 c5 2. Nf3 e6 3. d4 cxd4 4. Nxd4 Nf6 5. Nc3 Nc6 6. Nxc6 bxc6 7. Bd3 d5 8.
O-O Bc5 9. e5 Nd7 10. Bf4 Rb8 11. Qg4 Kf8 12. Rae1 Rxb2 13. Ne2 h5 14. Qf3 g5
15. Bc1 Rb4 16. Nc3 g4 17. Qe2 Bd4 18. Nxd5 cxd5 19. Ba3 Qa5 20. Bxb4+ Qxb4 21.
Ba6 Bxa6 22. Qxa6 Nxe5 23. Rb1 Qc4 24. Qd6+ Kg7 25. Rbe1 Qc3 26. Re2 Rh6 27.
Kh1 Rf6 28. Qe7 Ng6 29. Qd6 Qc4 30. Rfe1 Bxf2 31. Rb1 Bc5 0-1

[Event "FRA-chT2 0910"]
[Site "France"]
[Date "2010.03.13"]
[Round "8.6"]
[White "Auvray, Juliette"]
[Black "Luco, Alain"]
[Result "1/2-1/2"]
[WhiteElo "1974"]
[BlackElo "2120"]
[PlyCount "105"]
[EventDate "2009.09.27"]
[EventType "team"]
[EventRounds "11"]
[EventCountry "FRA"]
[SourceDate "2009.07.26"]

1. e4 e6 2. d4 d5 3. Nc3 Bb4 4. e5 c5 5. a3 Bxc3+ 6. bxc3 Ne7 7. Qg4 cxd4 8.
cxd4 Qc7 9. Bd2 Qxc2 10. Rc1 Qe4+ 11. Qxe4 dxe4 12. Ne2 Bd7 13. Nc3 Bc6 14. Bb5
O-O 15. O-O Nf5 16. Be3 Rd8 17. Rfd1 a6 18. Bf1 Nd7 19. g4 Nh4 20. f4 Nb6 21.
Kf2 Rac8 22. Be2 Rd7 23. Kg3 Ng6 24. Bf1 Rdc7 25. Rb1 Nd5 26. Nxd5 exd5 27. f5
Nf8 28. Rdc1 Ba4 29. Rxc7 Rxc7 30. Rc1 Rxc1 31. Bxc1 Nd7 32. Kf4 Kf8 33. e6
fxe6 34. fxe6 Nf6 35. g5 Ne8 36. Ke5 Bc6 37. Bd2 g6 38. Be2 Ng7 39. Bb4+ Kg8
40. Bd1 Nf5 41. Bd2 Kg7 42. Bb3 Nh4 43. Be3 Ng2 44. Bc1 e3 45. Bd1 Bb5 46. Kxd5
e2 47. Bxe2 Bxe2 48. Kd6 Bb5 49. d5 Nh4 50. Kc7 Nf5 51. d6 Nxd6 52. Kxd6 Kf8
53. Bb2 1/2-1/2

[Event "FRA-chT2 0910"]
[Site "France"]
[Date "2010.03.13"]
[Round "8.7"]
[White "Foussard, Gervais"]
[Black "Restout, Bruce"]
[Result "0-1"]
[WhiteElo "1930"]
[BlackElo "2049"]
[PlyCount "56"]
[EventDate "2009.09.27"]
[EventType "team"]
[EventRounds "11"]
[EventCountry "FRA"]
[SourceDate "2009.07.26"]

1. e4 c5 2. c3 d5 3. exd5 Qxd5 4. d4 Nc6 5. Be3 cxd4 6. cxd4 e5 7. Nc3 Bb4 8.
dxe5 Qxe5 9. Nf3 Bxc3+ 10. bxc3 Qxc3+ 11. Bd2 Qa3 12. Rc1 Nf6 13. Rc3 Qd6 14.
Qc1 O-O 15. Be2 Re8 16. Re3 Bf5 17. O-O Ng4 18. Rxe8+ Rxe8 19. Bf4 Qb4 20. Bc4
Nce5 21. Nxe5 Nxe5 22. Bxe5 Rxe5 23. Qf4 Qe7 24. Qd2 h6 25. Rd1 g6 26. h3 b5
27. Bb3 Re2 28. Qf4 Kh7 0-1

[Event "FRA-chT2 0910"]
[Site "France"]
[Date "2010.03.13"]
[Round "8.8"]
[White "Auvray, Simon"]
[Black "Josse, Mathilde"]
[Result "1-0"]
[WhiteElo "2010"]
[BlackElo "1688"]
[PlyCount "35"]
[EventDate "2009.09.27"]
[EventType "team"]
[EventRounds "11"]
[EventCountry "FRA"]
[SourceDate "2009.07.26"]

1. e4 g6 2. d4 Bg7 3. Nc3 d6 4. f4 Nf6 5. Nf3 O-O 6. e5 Ne8 7. Bc4 e6 8. h4 h5
9. Ng5 d5 10. Bd3 Bh6 11. g4 Ng7 12. Be2 f6 13. gxh5 gxh5 14. Bxh5 Nf5 15. Bg6
Bd7 16. Qh5 Be8 17. Nxe6 Qe7 18. Qxf5 1-0

[Event "FRA-chT2 0910"]
[Site "France"]
[Date "2010.03.13"]
[Round "8.1"]
[White "Giacomini, Hector"]
[Black "Jessel, Stephen"]
[Result "1-0"]
[WhiteElo "2275"]
[BlackElo "2289"]
[PlyCount "87"]
[EventDate "2009.09.27"]
[EventType "team"]
[EventRounds "11"]
[EventCountry "FRA"]
[SourceDate "2009.07.26"]

1. d4 e6 2. Nf3 d5 3. c4 c6 4. Qc2 Nf6 5. e3 Nbd7 6. Nc3 Bd6 7. Bd3 O-O 8. O-O
dxc4 9. Bxc4 e5 10. Rd1 Qe7 11. e4 a6 12. h3 b5 13. Bf1 c5 14. d5 c4 15. Ne2
Nc5 16. Ng3 Ne8 17. Be3 g6 18. b3 cxb3 19. axb3 Bd7 20. Nxe5 Bxe5 21. Bxc5 Nd6
22. Rac1 Rfc8 23. Qd3 Qh4 24. Re1 Rc7 25. Ba3 Rac8 26. Rxc7 Rxc7 27. Bb4 Rc8
28. Bd2 Nb7 29. Qe3 Qf6 30. Ne2 Bd6 31. Bc3 Rxc3 32. Qxc3 Be5 33. Qe3 g5 34.
Qa7 Bc8 35. Rc1 Nd6 36. Rc6 Kg7 37. Qe3 Bd7 38. Rxa6 h5 39. g3 g4 40. hxg4 hxg4
41. Nf4 Kh7 42. Bd3 Kg8 43. Ng2 Be8 44. Ra8 1-0

[Event "FRA-chT2 0910"]
[Site "France"]
[Date "2010.03.13"]
[Round "8.2"]
[White "Deslandes, Pascal"]
[Black "Le Corre, Benjamin"]
[Result "0-1"]
[WhiteElo "2316"]
[BlackElo "2264"]
[PlyCount "70"]
[EventDate "2009.09.27"]
[EventType "team"]
[EventRounds "11"]
[EventCountry "FRA"]
[SourceDate "2009.07.26"]

1. e4 c5 2. c3 Nf6 3. e5 Nd5 4. d4 cxd4 5. cxd4 e6 6. Nf3 d6 7. Nc3 Nxc3 8.
bxc3 Qc7 9. Qc2 b6 10. Bb5+ Bd7 11. Be2 Nc6 12. Bf4 Rc8 13. O-O dxe5 14. dxe5
Nb4 15. Qb1 Nd5 16. Bd2 Nxc3 17. Bxc3 Qxc3 18. Bb5 Bxb5 19. Qxb5+ Qc6 20. Qa6
Bc5 21. Rfd1 Rc7 22. Qd3 Rd7 23. Qc2 O-O 24. Ng5 f5 25. exf6 gxf6 26. Rxd7 Qxd7
27. Rd1 Qe7 28. Ne4 Rd8 29. Rxd8+ Qxd8 30. h3 Qd4 31. Qe2 Qa1+ 32. Kh2 Qe5+ 33.
f4 Qxf4+ 34. Ng3 Bd6 35. Qxe6+ Kg7 0-1

[Event "FRA-chT2 0910"]
[Site "France"]
[Date "2010.03.13"]
[Round "8.3"]
[White "Dieu, Bruno"]
[Black "Bonnaud, Remy"]
[Result "1-0"]
[WhiteElo "2282"]
[BlackElo "2211"]
[PlyCount "95"]
[EventDate "2009.09.27"]
[EventType "team"]
[EventRounds "11"]
[EventCountry "FRA"]
[SourceDate "2009.07.26"]

1. d4 d5 2. Nf3 Nf6 3. e3 c6 4. c4 Bf5 5. Qb3 Qb6 6. Qxb6 axb6 7. cxd5 Nxd5 8.
Nc3 Nxc3 9. bxc3 e6 10. Nd2 Nd7 11. e4 Bg6 12. Bd3 f6 13. Bb2 e5 14. a4 exd4
15. cxd4 Bb4 16. Ke2 Bxd2 17. Kxd2 O-O 18. f3 Bf7 19. Rhb1 Rfd8 20. Bc3 Ra7 21.
Ke3 Rda8 22. f4 Rxa4 23. Rxa4 Rxa4 24. Ra1 Rxa1 25. Bxa1 b5 26. Bc3 Nb6 27. g4
Nc4+ 28. Kf3 h5 29. h3 hxg4+ 30. hxg4 Kf8 31. f5 g5 32. Bxc4 Bxc4 33. d5 cxd5
34. Bxf6 dxe4+ 35. Ke3 b4 36. Bxg5 Kf7 37. Bf4 Kf6 38. Kxe4 b3 39. g5+ Kg7 40.
Be5+ Kf7 41. Bb2 b5 42. Ke5 b4 43. Kd6 Ke8 44. Bd4 Kf7 45. g6+ Ke8 46. f6 b2
47. Bxb2 Bd3 48. f7+ 1-0

[Event "FRA-chT2 0910"]
[Site "France"]
[Date "2010.03.13"]
[Round "8.4"]
[White "Glod, Philippe"]
[Black "Maleki, Manuel"]
[Result "1/2-1/2"]
[WhiteElo "2172"]
[BlackElo "2260"]
[PlyCount "42"]
[EventDate "2009.09.27"]
[EventType "team"]
[EventRounds "11"]
[EventCountry "FRA"]
[SourceDate "2009.07.26"]

1. e4 e6 2. d4 d5 3. e5 c5 4. c3 Nc6 5. Nf3 Bd7 6. Be2 f6 7. Rg1 fxe5 8. Nxe5
Nxe5 9. dxe5 Qb6 10. Nd2 Ne7 11. c4 O-O-O 12. Nf3 h6 13. a3 dxc4 14. Bxc4 Nf5
15. b4 Kb8 16. Qe2 Bc6 17. Rb1 cxb4 18. axb4 Be7 19. Ba3 g5 20. b5 Bxf3 21.
Qxf3 g4 {suite illisible} 1/2-1/2